|
|
|
|
| LEADER |
00000cam a2200000 a 4500 |
| 001 |
74216 |
| 003 |
Ucuenca |
| 005 |
20230308164236.0 |
| 008 |
000000|1969 sp |||||r|||||||||||spa|| |
| 040 |
|
|
|b spa
|
| 041 |
1 |
|
|a spa
|
| 082 |
0 |
|
|a 530
|
| 245 |
|
|
|a Física
|c Francis W. Sears y Mark W. Zemansky. Traductor Albino Yusta Almarza
|h imp
|
| 264 |
|
|
|a Madrid
|b Aguilar
|c 1969
|
| 300 |
|
|
|a xix; 1010 páginas:
|b ilu
|c 24 cm
|
| 504 |
|
|
|a incl. ref.
|
| 650 |
1 |
0 |
|a Física
|9 4976
|
| 650 |
1 |
|
|a Equilibrio
|9 24879
|
| 650 |
1 |
|
|a Movimiento
|9 21912
|
| 650 |
1 |
|
|a Hidrostatica
|9 12780
|
| 650 |
1 |
|
|a Polarizacion
|9 38991
|
| 700 |
1 |
|
|a Sears, Francis W.
|9 38998
|
| 700 |
1 |
|
|a Zemansky, Mark Waldo
|9 36359
|
| 852 |
|
|
|a UC-CDJBV
|f Compra
|l 1
|m General
|p 00000000
|q 135.00
|r 2
|t 74216
|b 0
|d CDRC
|e CDRC
|g 530 SEGUNDO PISO
|z 0000-00-00
|
| 942 |
|
|
|c BK
|0 2
|z jenny.perez@ucuenca.edu.ec
|
| 999 |
|
|
|c 24451
|d 24451
|